Lord of the Rings: Who married who? - Statistics

General Stats
  • This quiz has been taken 132 times
  • The average score is 10 of 15
Answer Stats
Hint Answer % Correct
Aragorn Arwen
98%
Faramir Eowyn
91%
Samwise Gamgee Rosie Cotton
88%
Celeborn Galadriel
84%
Beren Lúthien
73%
Tom Bombadil Goldberry
70%
Elrond Celebrian
62%
Otho Sackville-Baggins Lobelia Bracegirdle
59%
Bungo Baggins Belladonna Took
56%
Earendil Elwing
56%
Drogo Baggins Primula Brandybuck
56%
Eomer Lothiriel
53%
Denethor Finduilas
43%
Meriadoc Brandybuck Estella Bolger
39%
Peregrin Took Diamond of Long Cleeve
24%
No matching quizzes found
Score Distribution
Percent of People with Each Score
Percentile by Number Answered
Your Score History
You have not taken this quiz